El seguro a primer riesgo
Uloženo v:
| Hlavní autor: | |
|---|---|
| Médium: | Kniha |
| Jazyk: | španělština |
| Vydáno: |
Madrid
Editoriales de Derecho Reunidas
2000
|
| Edice: | Cuadernos Mercantiles, 23
|
| Témata: | |
| Tagy: |
Přidat tag
Žádné tagy, Buďte první, kdo vytvoří štítek k tomuto záznamu!
|
MARC
| LEADER | 00000nam a2200000 a 4500 | ||
|---|---|---|---|
| 001 | UCK5045 | ||
| 003 | CL-VaPUC | ||
| 008 | 050708e20000000SP |||||||||||||||||spa|d | ||
| 020 | |a 8484940551 | ||
| 082 | 0 | 4 | |a 346.086 |b MUÑ |2 21 |
| 100 | |a Muñoz Paredes, María Luisa |e autora |9 493745 | ||
| 245 | 1 | 3 | |a El seguro a primer riesgo |
| 300 | |a 316 p | ||
| 942 | |c BK | ||
| 945 | |d 20050708 00:00:00 |a cmena | ||
| 260 | |a Madrid |b Editoriales de Derecho Reunidas |c 2000 | ||
| 650 | 0 | |a Derecho mercantil |9 371888 | |
| 650 | 0 | |a Seguridad social |9 255322 | |
| 650 | 0 | |a Fiscalización |9 257403 | |
| 583 | |a last modification |c 20050708 00:00:00 |k Rodrigo Vera | ||
| 490 | 0 | |a Cuadernos Mercantiles, 23 | |
| 999 | |c 313735 |d 313733 | ||
| 952 | |0 0 |1 0 |4 0 |6 346_086000000000000_MUÑ_2000 |7 0 |8 A |9 385227 |a BIBDER |b BIBDER |d 2019-11-22 |i 4139569 |o 346.086 MUÑ 2000 |p 4139569 |r 2023-01-25 |w 2019-11-22 |y BK |k DER | ||